000 02834nem0a2200361 4500
001 RU\NLR\BIBL_A\022732139
005 20260413103858.9
035 _a(NLR Aleph) 022732139
090 _a13654157
_c13654157
100 _a20260218d1787 m y0rusy50 ca
101 0 _arus
102 _aRU
120 _aayy xx||
123 3 _aa
_b5250000
_b24150000
200 1 _a[Общая и частныя карты, принадлежащия к краткому землеописанию Российскаго государства
_bКарты
_eизданныя для народных училищ Российской империи по высочайшему повелению царствующия императрицы Екатерины Вторыя]
206 _a[1:5 250 000, 52,5 км в 1 см - 1:24 150 000, 241 км в 1 см, граф. м-бы в верстах]
210 _a[Санкт-Петербург
_d1787]
215 _a1 атл. (9 л.)
_cграв.
_d22х26 см
300 _aТо же, раскраш., с тит. л.: К 1-Росс 6/31
300 _aПрил. к изд.: "Краткое землеописание Российского государства, изданное для народных училищ Российской империи", сост. И. Ф. Гакманом, пер. с нем. и перераб. Ф. И. Янковичем-де-Мириево, изд. в Санкт-Петербурге в 1787 г.
300 _aАтлас сост. в Комиссии об учреждении народных училищ как учебное пособие. Автор атласа не указан, однако по архивным материалам установлено, что он сост. П. О. Шелеховым под руководством педагога Ф. И. Янковича де Мириево
300 _aЭкз. "Б" несброшюр., шифр хранения: К 1-Росс 1/42 Б
509 0 1 _7ca
_aРоссия
_92633381
_3RU\NLR\auth_crt\55199
518 1 _aОбщие и частные карты, принадлежащие к краткому землеописанию Российского государства
607 _aРоссия
_jКарты учебные
_91287576
_3RU\NLR\AUTH\66531811
608 _aПолитико-административные карты
_jКарты учебные
_91527243
_3RU\NLR\AUTH\66966105
701 1 _7ca
_8rus
_aШелехов
_bП. О.
_f1741-1804
_gПетр Осипович
_9191644
_3RU\NLR\AUTH\770191695
702 1 _7ca
_8rus
_aЯнкович де Мириево
_bФ. И.
_f1741-1814
_gФёдор Иванович
_9182324
_3RU\NLR\AUTH\770182375
852 _aNLR
_bК
_j1-Росс 6/42
_m19148
_t22318, 18509
942 _cMAP
980 _aNB
980 _aCRT_CCRP18